Cities on the Opposite Side of the World - Statistics

General Stats
  • This quiz has been taken 23 times
  • The average score is 5 of 16
Answer Stats
Hint Answer % Correct
Phnom Penh Lima
86%
Bogota Jakarta
77%
Madrid Wellington
55%
Singapore Quito
45%
Bermuda Perth
41%
Busan Montevideo
32%
Hong Kong Sucre
32%
Tuvalu Accra
27%
Taipei Asuncion
27%
Guam Salvador
23%
Tahiti Khartoum
9%
Santiago Xian
9%
Tokelau Abuja
5%
Victoria Falls Hilo
5%
Pitcairn Islands Doha
0%
McDonald Islands Saskatoon
0%
No matching quizzes found
Score Distribution
Percent of People with Each Score
Percentile by Number Answered
Your Score History
You have not taken this quiz